The black album /
Saved in:
| Main Author: | |
|---|---|
| Format: | Book |
| Language: | English |
| Published: |
New York :
Scribner,
1995.
|
| Edition: | 1st Scribner ed. |
| Subjects: | |
| Tags: |
Add Tag
No Tags, Be the first to tag this record!
|
| LEADER | 00919cam a2200301 a 4500 | ||
|---|---|---|---|
| 001 | 006200213-9 | ||
| 005 | 20020606163548.3 | ||
| 008 | 950419r1995 nyu 000 1 eng | ||
| 010 | |a 95018668 //r95 | ||
| 020 | |a 0684813424 | ||
| 035 | 0 | |a ocm32431092 | |
| 040 | |a DLC |c DLC |d DLC |d OCoLC | ||
| 043 | |a e-uk-en | ||
| 050 | 0 | 0 | |a PR6061.U68 |b B77 1995 |
| 082 | 0 | 0 | |a 823/.914 |2 20 |
| 100 | 1 | |a Kureishi, Hanif. | |
| 245 | 1 | 4 | |a The black album / |c by Hanif Kureishi. |
| 250 | |a 1st Scribner ed. | ||
| 260 | |a New York : |b Scribner, |c 1995. | ||
| 300 | |a 287 p. ; |c 23 cm. | ||
| 500 | |a "First published in Great Britain by Faber & Faber"--T.p. verso. | ||
| 650 | 0 | |a Muslim students |z England |z London |v Fiction. | |
| 650 | 0 | |a College students |z England |z London |v Fiction. | |
| 651 | 0 | |a London (England) |v Fiction. | |
| 655 | 7 | |a Love stories. |2 gsafd | |
| 655 | 7 | |a Black humor (Literature) |2 gsafd | |
| 988 | |a 20020608 | ||
| 906 | |0 DLC | ||


